Statistics for Harry Potter quiz

Click here to take the quiz!

General Stats

  • This quiz has been taken 19 times
  • The average score is 7 of 8

Answer Stats

% Correct
From what person
does Harry’s mom die from
Lord Voldemort
100%
Who is Harry’s worst enemyLord Voldemort
100%
Who is Harry’s best male friendRon Weasley
100%
What school is blueRavenclaw
87%
In what country is Harry’s schoolUnited Kingdom
87%
Who is Harry’s best female friendHermione Granger
80%
What school is yellowHufflepuff
80%
Who lost his eye and is
nicknamed that he has a magical eye
Alastor Moody
53%

Score Distribution

Percentile by Number Answered

Percent of People with Each Score

Your Score History

You have not taken this quiz